| 000 | 00000nas##2200000za#4500 |
| 001 | 9.514032 |
| 003 | CaOODSP |
| 005 | 20200325133023 |
| 007 | ta |
| 008 | 150406c1997||||xxc|| p #||||f| |0fre|d |
| 022 | |a1914-7287 |
| 040 | |aCaOODSP|bfre |
| 043 | |an-cn--- |
| 086 | 1 |aH115-4F |
| 110 | 1 |aCanada. |bInstitut canadien d'information sur la santé. |
| 245 | 10|aRapport, traumatismes graves au Canada |
| 246 | 13|aRegistre national des traumatismes, rapport ... traumatismes graves au Canada |
| 260 | |aOttawa - Ontario : |bInstitut canadien d'information sur la santé |
| 310 | |aAnnuel |
| 362 | 1 |a[1996/97?] -- |
| 520 | 3 |aContient des données sur les patients hospitalisés en raison d'un traumatisme grave. Les données proviennent du fichier étendu du Registre. |
| 691 | 07|aBlessure|2gcpds |
| 775 | 08|tMajor injury in Canada report |w(CaOODSP)9.515709 |
| 776 | 0#|tRegistre national des traumatismes. Traumatismes graves au Canada : |w(CaOODSP)9.502468 |